Les prénoms les plus populaires au Luxembourg depuis 1920 - Statistiques

Statistiques générales
  • Ce quiz a été pris 48 fois
  • Le résultat moyen est 10 sur 20
Statistiques - réponses
INDICE PRENOM % Correct
1 J Jean
95%
2 M Marie
86%
5 P Paul
84%
4 P Pierre
80%
3 M Marc
73%
6 A Anne
61%
9 P Patrick
52%
8 R Robert
52%
10 S Sylvie
50%
1 M Maria
48%
10 N Nicolas
48%
2 J Joseph
41%
9 N Nathalie
41%
7 N Nicole
39%
5 C Christiane
32%
6 G Guy
30%
7 M Marcel
30%
3 M Monique
30%
4 C Claude
27%
8 S Sandra
18%
Aucun quiz correspondant
Distribution des résultats
% des personnes avec chaque résultat
Percentile par nombre de réponses
Votre historique - résultats
Vous n’avez pas pris ce quiz